000 00424nam a2200181Ia 4500
005 20240823033522.0
008 240823s9999||||xx |||||||||||||| ||und||
041 _aENGLISH
082 _A813.52 P7
100 _aJanakiraman T
245 0 _aTi Janakiraman Padaipugal Part 1
250 _a1st
260 _c2007
_bAinthinai Pathip
500 _aYES
650 _aTamil Books
_bGeneral
942 _cBK
999 _c196012
_d196012